Countries that border India - Statistics

General Stats
  • This quiz has been taken 19 times
  • The average score is 6 of 6
Answer Stats
Kilometres Miles Country % Correct
3,488 2,167 China
100%
3,310 2,060 Pakistan
100%
4,096 2,545 Bangladesh
89%
578 359 Bhutan
89%
1,752 1,089 Nepal
89%
1,643 1,021 Myanmar
84%
No matching quizzes found
Score Distribution
Percent of People with Each Score
Percentile by Number Answered
Your Score History
You have not taken this quiz